Fractured Foursomes Quiz Stats

Quiz Updated Mar 25, 2014

Challenge
Share
Tweet
Score 0/36 Timer 09:00
0 Plays Today
hint answer % Correct
Column 1Body Parts Test
98%
Column 2Body Parts Test
98%
Column 3Body Parts Test
98%
Column 4Body Parts Test
98%
Column 1United / States
62%
Column 2United / States
62%
Column 3United / States
62%
Column 4United / States
62%
Column 1Astrology Signs
59.3%
Column 2Astrology Signs
59.3%
Column 3Astrology Signs
59.3%
Column 4Astrology Signs
59.3%
Column 1Sport Time!
51.7%
Column 2Sport Time!
51.7%
Column 3Sport Time!
51.7%
Column 4Sport Time!
51.7%
Column 1Colors
49.7%
Column 2Colors
49.7%
hint answer % Correct
Column 3Colors
49.7%
Column 4Colors
49.7%
Column 1Teams - NFL
34.2%
Column 2Teams - NFL
34.2%
Column 3Teams - NFL
34.2%
Column 4Teams - NFL
34.2%
Column 1These Elements
30.7%
Column 2These Elements
30.7%
Column 3These Elements
30.7%
Column 4These Elements
30.7%
Column 1USA • Presidents
28.9%
Column 2USA • Presidents
28.9%
Column 3USA • Presidents
28.9%
Column 4USA • Presidents
28.9%
Column 1Europe Nations
27.8%
Column 2Europe Nations
27.8%
Column 3Europe Nations
27.8%
Column 4Europe Nations
27.8%

You're not logged in!

Compare scores with friends on all Sporcle quizzes.
Sign Up with Email
OR
Log In

You Might Also Like...

Show Comments

Extras

Top Quizzes Today


Score Distribution

Your Account Isn't Verified!

In order to create a playlist on Sporcle, you need to verify the email address you used during registration. Go to your Sporcle Settings to finish the process.